Giáo trình Luật Hiến pháp của các nước tư bản
Hiểu về luật hiến pháp trong hệ thống luật của mỗi nước tư bản. Nghiên cứu về chế độ kinh tế XH, các đảng phái chính trị, nhà nước, chế độ bầu cử, nghị viện, chính phủ, chính quyền địa phương....
محفوظ في:
| المؤلف الرئيسي: | |
|---|---|
| التنسيق: | كتاب |
| اللغة: | Undetermined |
| منشور في: |
Hà Nội:
Đại học Quốc gia Hà Nội
1998
|
| الموضوعات: | |
| الوسوم: |
إضافة وسم
لا توجد وسوم, كن أول من يضع وسما على هذه التسجيلة!
|
| Thư viện lưu trữ: | Trung tâm Học liệu Trường Đại học Cần Thơ |
|---|
| LEADER | 00935nam a2200193Ia 4500 | ||
|---|---|---|---|
| 001 | CTU_155876 | ||
| 008 | 210402s9999 xx 000 0 und d | ||
| 020 | |c 23500 | ||
| 082 | |a 342 | ||
| 082 | |b D513 | ||
| 100 | |a Nguyễn, Đăng Dung | ||
| 245 | 0 | |a Giáo trình Luật Hiến pháp của các nước tư bản | |
| 245 | 0 | |c Nguyễn Đăng Dung (Chủ biên), Bùi Xuân Đức | |
| 260 | |a Hà Nội: | ||
| 260 | |b Đại học Quốc gia Hà Nội | ||
| 260 | |c 1998 | ||
| 520 | |a Hiểu về luật hiến pháp trong hệ thống luật của mỗi nước tư bản. Nghiên cứu về chế độ kinh tế XH, các đảng phái chính trị, nhà nước, chế độ bầu cử, nghị viện, chính phủ, chính quyền địa phương. | ||
| 650 | |a Constitutional law | ||
| 980 | |a Trung tâm Học liệu Trường Đại học Cần Thơ | ||